000 nam a22 7a 4500
999 _c8625
_d8625
008 180118b ||||| |||| 00| 0 eng d
100 _aSingh.G.
_92233
245 _aGeneral Knowledge
260 _aNew Delhi
_bHoly Faith
_c2009